आयुष्य बहरताना / (Record no. 52593)

MARC details
000 -LEADER
fixed length control field 01377nam a22002417a 4500
005 - DATE AND TIME OF LATEST TRANSACTION
control field 2011052506566.0
008 - FIXED-LENGTH DATA ELEMENTS--GENERAL INFORMATION
fixed length control field 110525t xxu||||| |||| 00| 0 mar d
010 ## - LCCN (DPL NO)
LC control number MAR-20887-88
020 ## - INTERNATIONAL STANDARD BOOK NUMBER
Terms of availability 165.00
035 ## - SYSTEM CONTROL NUMBER
System control number MR-13545-46
037 ## - SOURCE OF ACQUISITION
Source of stock number/acquisition DBAD / PUB
040 ## - CATALOGING SOURCE
Original cataloging agency DPL
Language of cataloging MR
082 ## - DEWEY DECIMAL CLASSIFICATION NUMBER
Classification number 891.4608
100 ## - MAIN ENTRY--PERSONAL NAME
Personal name दवणे,प्रवीण
9 (RLIN) 28233
245 ## - TITLE STATEMENT
Title आयुष्य बहरताना /
Statement of responsibility, etc प्रवीण दवणे
246 ## - VARYING FORM OF TITLE
Title proper/short title Aayushya Bahartana
Remainder of title by Pravin Davane
260 ## - PUBLICATION, DISTRIBUTION, ETC. (IMPRINT)
Place of publication, distribution, etc बोरिवली
Name of publisher, distributor, etc नवचैतन्य प्रकाशन
Date of publication, distribution, etc 2011
270 ## - ADDRESS
Address न्यू गजांत को-ऑप.हौ.सो.लि.,सी/11,तळमजला,कोसाम्गो नगर,फ्लाय ओव्हर जवळ,एस.व्ही रोड
City बोरिवली
300 ## - PHYSICAL DESCRIPTION
Extent 2 भा.(296पृ.)
Dimensions 21 सेमी (अजिल्द)
942 ## - ADDED ENTRY ELEMENTS (KOHA)
Source of classification or shelving scheme Dewey Decimal Classification
Item type Marathi Books
Classification part 891.4608
Call number suffix दवणे
Holdings
Withdrawn status Lost status Source of classification or shelving scheme Materials specified (bound volume or other part) Damaged status Not for loan Collection code Home library Current library Date acquired Source of acquisition Cost, normal purchase price Total Checkouts Full call number Barcode Date last seen Copy number Cost, replacement price Koha item type
    Dewey Decimal Classification भा.1   Not For Loan Non-fiction D.B.Act.Division D.B.Act.Division 25/05/2011 DBAD / PUB 165.00   891.4608 दवणे MR-13545 25/05/2011 1 165.00 Marathi Books
    Dewey Decimal Classification भा.2   Not For Loan Non-fiction D.B.Act.Division D.B.Act.Division 25/05/2011 DBAD / PUB 165.00   891.4608 दवणे MR-13546 25/05/2011 1 165.00 Marathi Books

© Delhi Public Library
Hit Counter
free hit counter